00230nam a2200097Ia 4500008004100000100002100041245001300062260003100075300000800106650001800114191201s2005 xx 000 0 und d aAHUJA, Markanday 0aEye Care aN. delhibCreast pubc2005 a188 aGeneral Books